UM Logo

Customer satisfaction in gourmet food trucks : (Record no. 20978)

MARC details
000 -LEADER
fixed length control field 00798nam a22001697a 4500
005 - DATE AND TIME OF LATEST TRANSACTION
control field 20250828141312.0
008 - FIXED-LENGTH DATA ELEMENTS--GENERAL INFORMATION
fixed length control field 240828b ||||| |||| 00| 0 eng d
082 ## - DEWEY DECIMAL CLASSIFICATION NUMBER
Classification number DPer 647.95 J826 January-December 2019 v. 22 n.1-6
100 ## - MAIN ENTRY--PERSONAL NAME
Personal name McNeil, Paige.
Relator term author.
9 (RLIN) 59228
245 ## - TITLE STATEMENT
Title Customer satisfaction in gourmet food trucks :
Remainder of title exploring attributes and their relationship with customer satisfaction /
Statement of responsibility, etc. Paige McNeil. and Cheri A. Young.
260 ## - PUBLICATION, DISTRIBUTION, ETC. (IMPRINT)
Place of publication, distribution, etc. Philadelphia ;
Name of publisher, distributor, etc. Taylor & Francis Group ,
Date of publication, distribution, etc. July-August 2019.
300 ## - PHYSICAL DESCRIPTION
Extent Volume 22, pages 326-350 :
Other physical details illustration ;
Dimensions 26 cm.
500 ## - GENERAL NOTE
General note Journal of Foodservice Business Research, vol. 22, no. 4, pages 326-350, July-August 2019.
700 ## - ADDED ENTRY--PERSONAL NAME
Personal name McNeil, Paige.
Relator term author.
9 (RLIN) 59228
700 ## - ADDED ENTRY--PERSONAL NAME
Personal name Young, Cheri A.
Relator term author.
9 (RLIN) 59229
942 ## - ADDED ENTRY ELEMENTS (KOHA)
Source of classification or shelving scheme Dewey Decimal Classification
Koha item type Periodicals
Holdings
Withdrawn status Lost status Source of classification or shelving scheme Damaged status Not for loan Collection code Home library Current library Date acquired Total Checkouts Date last seen Price effective from Koha item type Public note
    Dewey Decimal Classification     Periodicals UM Digos College - LIC UM Digos College - LIC 08/28/2024   08/28/2024 08/28/2024 Periodicals Periodical Article